000 00393nam a22001337a 4500
005 20241111102102.0
008 241111b |||||||| |||| 00| 0 eng d
020 _a0406894167
245 _aThe Ghana Law Reports 1997 Vol. 4
_cEdited by Vandridge-Ames Caroline LLM
260 _aLondon
_bButterworths
_c1997
300 _axv, 1024 cm
_c23.5 cm
650 _2Law Reports
_xEngland
942 _2lcc
_cBK
_n0
999 _c982
_d982